Statistics for New England Trivia

Click here to take the quiz!

General Stats

  • This quiz has been taken 208 times
  • The average score is 23 of 36

Answer Stats

HintAnswer% Correct
Boston
98%
StatesConnecticut
97%
Maine
97%
New Hampshire
97%
Vermont
97%
Massachusetts
96%
Rhode Island
96%
Hartford
90%
Providence
87%
CapitalsAugusta
84%
Largest city in MainePortland
83%
Montpelier
82%
Concord
75%
Two islands off southern MassachusettsNantucket
71%
Martha's Vineyard
67%
Largest city in VermontBurlington
66%
Massachusetts tourst attraction just south of BostonCape Cod
64%
Lake on the border of New York and VermontLake Champlain
63%
Tall mountain in Northern New HampshireMt Washington
61%
Largest city in New HampshireManchester
59%
Mountain range running through most of VermontGreen Mountains
56%
Canadian Province East of MaineNew Brunswick
54%
Mountain range running through New HampshireWhite Mountains
52%
Largest city in ConnecticutBridgeport
50%
Body of water south of ConnecticutLong Island Sound
49%
National park on Mt Desert IslandAcadia
46%
New Hampshire city on the Maine borderPortsmouth
46%
Tallest building in New EnglandJohn Hancock Tower
44%
Region of Mountains in Western MassachusettsBerkshires
43%
Large New Hampshire city on the Massachusetts BorderNashua
41%
Popular tourist island off Rhode IslandBlock Island
40%
Largest lake in New HampshireLake Winnipesaukee
33%
Body of water East of Maine that also borders Nova ScotiaBay of Fundy
29%
Tallest mountain in MaineMt Katahdin
22%
Tallest mountain in MassachusettsMt Greylock
21%
Northern most town in New EnglandEstcourt Station
6%

Score Distribution

Percentile by Number Answered

Percent of People with Each Score

Your Score History

You have not taken this quiz